VfL Wolfsburg Squad 2019-2020 - Statistics

General Stats
  • This quiz has been taken 7 times
  • The average score is 21 of 30
Answer Stats
# Position Nation Player % Correct
25 DF United States John Brooks
100%
23 MF France Josuha Guilavogui
100%
19 DF Switzerland Kevin Mbabu
100%
1 GK Belgium Koen Casteels
100%
27 MF Germany Maximilian Arnold
100%
9 FW Netherlands Wout Weghorst
100%
10 MF Turkey Yunus Mallı
100%
14 FW Switzerland Admir Mehmedi
83%
5 DF Netherlands Jeffrey Bruma
83%
15 DF Guadeloupe Jérôme Roussillon
83%
7 FW Croatia Josip Brekalo
83%
6 DF Brazil Paulo Otávio
83%
8 FW Switzerland Renato Steffen
83%
2 DF Brazil William
83%
24 MF Austria Xaver Schlager
83%
22 DF Croatia Marin Pongračić
67%
- Coach Austria Oliver Glasner
67%
12 GK Austria Pavao Pervan
67%
13 MF Germany Yannick Gerhardt
67%
33 FW Germany Daniel Ginczek
50%
4 MF Spain Ignacio Camacho
50%
40 FW Brazil João Victor
50%
22 FW Germany Lukas Nmecha
50%
32 DF DR Congo Marcel Tisserand
50%
31 DF Germany Robin Knoche
50%
37 MF Germany Elvis Rexhbeçaj
33%
11 FW Germany Felix Klaus
33%
30 GK Germany Niklas Klinger
33%
38 FW Belgium Ismail Azzaoui
17%
36 GK Germany Phillip Menzel
17%
No matching quizzes found
Score Distribution
Percent of People with Each Score
Percentile by Number Answered
Your Score History
You have not taken this quiz